Fulham Current Squad - Statistics

General Stats
  • This quiz has been taken 4,272 times
    939 since last reset
  • The average score is 17 of 25
Answers on the Map
Answers color-coded by a green-red scale on the quiz's map according to % correct below.
 
Answer Stats
# Position Player Nation % Correct
1 GK Bernd Leno
97%
7 FW Raúl Jiménez
93%
17 MF Alex Iwobi
92%
11 FW Adama Traoré
88%
3 DF Calvin Bassey
87%
33 DF Antonee Robinson
85%
32 MF Emile Smith Rowe
85%
8 MF Harry Wilson
85%
2 DF Kenny Tete
78%
5 DF Joachim Andersen
73%
Head Coach Marco Silva
73%
9 FW Rodrigo Muniz
72%
21 DF Timothy Castagne
70%
30 MF Ryan Sessegnon
67%
10 MF Tom Cairney
67%
16 MF Sander Berge
65%
6 MF Harrison Reed
62%
20 MF Saša Lukić
60%
31 DF Issa Diop
59%
24 MF Josh King
55%
19 FW Samuel Chukwueze
50%
22 FW Kevin
48%
15 DF Jorge Cuenca
45%
23 GK Benjamin Lecomte
40%
18 MF Jonah Kusi-Asare Sweden
23%
No matching quizzes found
Score Distribution
Percent of People with Each Score
Percentile by Number Answered
Your Score History
You have not taken this quiz since the last reset